| 000 | 00665nam a2200193 i 4500 | ||
|---|---|---|---|
| 020 | _a0712101241 : | ||
| 082 | 0 | 0 |
_a624.1773 _bBEL _cL-20, P-122 |
| 100 | 1 |
_aBell, Brian Joseph. _942971 |
|
| 245 | 1 | 0 |
_aAdvanced theory of structures [frame analysis] / _cBrian J. Bell. |
| 260 |
_aLondon : _bMacdonald and Evans, _c1974. |
||
| 300 |
_aviii, 200 p. : _bill. ; _c22 cm. |
||
| 490 | 0 | _aExamination subjects for engineers and builders | |
| 500 | _aIncludes index. | ||
| 526 |
_a0 _b0 _c0 _d624_177300000000000_BEL |
||
| 526 |
_a0 _b0 _c0 _d624_177300000000000_BEL |
||
| 650 | 0 |
_aMCE _9379 |
|
| 650 | 0 |
_aStructural frames _xProblems, exercises, etc. _942972 |
|
| 942 |
_2ddc _cBK |
||
| 999 |
_c546775 _d546775 |
||